Statistics for Countries with embassies and consulates in Mumbai

Click here to take the quiz!

General Stats

  • This quiz has been taken 90 times
  • The average score is 32 of 45

Answer Stats

ContinentCountry% Correct
OceaniaAustralia
97%
AsiaChina
97%
North AmericaUnited States of America
96%
EuropeUnited Kingdom
93%
South AmericaBrazil
91%
AsiaJapan
91%
North AmericaCanada
90%
EuropeFrance
88%
South AmericaArgentina
86%
EuropeGermany
86%
AsiaIndonesia
86%
Asia/ EuropeRussia
86%
Asia/ EuropeTurkey
84%
OceaniaNew Zealand
83%
EuropeItaly
81%
AsiaUnited Arab Emirates
81%
AsiaBangladesh
80%
AsiaSouth Korea
80%
AfricaEgypt
78%
AsiaIran
77%
EuropeSpain
77%
AsiaSaudi Arabia
75%
AsiaThailand
74%
AsiaVietnam
72%
AsiaQatar
71%
AfricaSouth Africa
71%
AsiaMalaysia
70%
AsiaAfghanistan
68%
EuropeBelgium
68%
AsiaKuwait
68%
AsiaYemen
68%
EuropePoland
67%
EuropeSweden
67%
AsiaIsrael
65%
AsiaOman
65%
AsiaSingapore
65%
EuropeSwitzerland
64%
AsiaBahrain
59%
Europethe Netherlands
57%
South AmericaEcuador
52%
EuropeCzech Republic
49%
EuropeHungary
42%
North AmericaPanama
39%
AfricaDjibouti
22%
AfricaMauritius
22%

Score Distribution

Percentile by Number Answered

Percent of People with Each Score

Your Score History

You have not taken this quiz